00598nam a2200181Ia 4500003000900000008004100009040001600050080001500066245009100081260004400172300001500216650002200231650002100253700002900274942000700303999001500310952009100325IN-BaIIA211028s9999 xx 000 0 eng d cIIA Library a681.3bFAS 0aFaster than thoughtba symposium on digital computing machinescedited by B. V. Bowden aLondonbSir Isaac Pitman and Sonsc1953 axix, 416p. a Computers98106 aNASA thesaurus  aBowden, B. V., ed.98107 cBK c4596d4596 00104070aBANbBANcGENd0000-00-00l0o681.3/ FASp5129r2021-11-05w0000-00-00yBK